Cesta do neslobody Rusko, Európa, Amerika
Gespeichert in:
| 1. Verfasser: | |
|---|---|
| Weitere Verfasser: | |
| Format: | Buch |
| Sprache: | Slowakisch |
| Veröffentlicht: |
Bratislava
Premedia
2018
|
| Ausgabe: | 1. vydanie |
| Schriftenreihe: | Civilizácia
6. zväzok |
| Schlagworte: | |
| Tags: |
Keine Tags, Fügen Sie das erste Tag hinzu!
|
MARC
| LEADER | 00000nam a2200000 4500 | ||
|---|---|---|---|
| 001 | 0247712 | ||
| 005 | 20240221112617.6 | ||
| 020 | |a 978-80-8159-598-1 | ||
| 041 | 0 | |a slo | |
| 044 | |a SK | ||
| 245 | 1 | 0 | |a Cesta do neslobody |b Rusko, Európa, Amerika |c Timothy Snyder ; preložil: Igor Slobodník |
| 250 | |a 1. vydanie | ||
| 264 | 1 | |a Bratislava |b Premedia |c 2018 | |
| 300 | |a 341 s. | ||
| 490 | 1 | |a Civilizácia |v 6. zväzok | |
| 830 | 0 | |a Civilizácia |v 6. zväzok | |
| 610 | 2 | 0 | |a vzťahy medzinárodné |
| 610 | 2 | 0 | |a politika medzinárodná |
| 610 | 2 | 0 | |a vývoj politický |
| 610 | 2 | 0 | |a moc politická |
| 610 | 2 | 0 | |a politika |
| 610 | 2 | 0 | |a osobnosť |
| 610 | 2 | 0 | |a strany politické |
| 610 | 2 | 0 | |a konflikty medzinárodné |
| 610 | 2 | 0 | |a dejiny |
| 610 | 2 | 0 | |a Rusko |
| 610 | 2 | 0 | |a Európa |
| 610 | 2 | 0 | |a Amerika |
| 100 | 1 | |a Snyder, Timothy | |
| 700 | 1 | |a Slobodník, Igor | |